000
00401nam a2200145Ia 4500
008
090122s9999 xx 000 0 und d
082
_b
6670
_a
891.463
100
_a
सप्रे
_b
मधुवंती
245
_a
लोकलकांड
600
_a
सप्रे
630
_a
लोकलकांड
700
_a
सप्रे
730
_a
लोकलकांड
942
_c
BOOK
999
_c
30747
_d
30747